Catálogo

Vista normal Vista MARC

Entrada Personal Name

Número de registros utilizados en: 1

001 - CONTROL NUMBER

  • control field: 9396

003 - CONTROL NUMBER IDENTIFIER

  • control field: DLC

005 - DATE AND TIME OF LATEST TRANSACTION

  • control field: 20220621085142.0

008 - FIXED-LENGTH DATA ELEMENTS

  • fixed length control field: 840315n| acannaabn |n aaa

010 ## - LIBRARY OF CONGRESS CONTROL NUMBER

  • LC control number: n 82253247

035 ## - SYSTEM CONTROL NUMBER

  • System control number: (OCoLC)oca01063878

040 ## - CATALOGING SOURCE

  • Original cataloging agency: DLC
  • Language of cataloging: spa
  • Transcribing agency: Mx-PuUPA
  • Modifying agency: DLC
  • Modifying agency: OCoLC
  • Modifying agency: Mx-PuUPA
  • Description conventions: rda

100 1# - HEADING--PERSONAL NAME

  • Personal name: Levy, Steven,

372 ## - FIELD OF ACTIVITY

  • Field of activity: Programación de computadoras

374 ## - OCCUPATION

  • Occupation: Autor
  • Occupation: Editor de Newsweek
  • Occupation: Escritor

375 ## - GENDER

  • Gender: hombre

377 ## - ASSOCIATED LANGUAGE

  • Language code: eng

670 ## - SOURCE DATA FOUND

  • Source citation: His Hackers, 1984:
  • Information found: CIP t.p. (Steven Levy)

670 ## - SOURCE DATA FOUND

  • Source citation: His The unicorn's secret, c1988:
  • Information found: CIP t.p. (Steven Levy) data sheet (b. 1/26/51)

670 ## - SOURCE DATA FOUND

  • Source citation: Hackers: heroes of the computer revolution, 1994:
  • Information found: portada (Steven Levy)